On This Day: October 4th Quiz Stats

Quiz Updated Oct 4, 2017

Challenge
Share
Tweet
Embed
Score 0/7 Timer 03:00
0 Plays Today
Question Answer Wrong Answers
This artificial satellite, the first to orbit Earth, is launched by the Soviet Union.
1957
Sputnik 1
94%
Spudnik 1
3.3%
Sudnick 1
0.4%
Spunick 1
1.7%
The Ottoman Empire declares war on the Russian Empire, starting the ______ War.
1853
Crimean
90.7%
Caucasian
4.2%
Chechen
3.7%
Smolensk
1.3%
Gutzon Borglum begins sculpting the ______ in the Black Hills region of South Dakota.
1927
Mount Rushmore National Memorial
90.5%
Crazy Horse Memorial
7.4%
Lincoln Memorial
1.1%
Statue of Liberty
0.5%
This American actor and director, who also served as a five-term president of the National Rifle Association, is born.
1923
Charlton Heston
85.6%
Charles Bronson
5.7%
Steve McQueen
5%
Gregory Peck
3.5%
This man arrives in New York City, the first Pope to visit the Americas.
1965
Paul VI
64.5%
Francis
7.5%
Pius X
18.5%
Leo XIII
8.7%
The landlocked colony of Basutoland becomes independent from the United Kingdom, and is renamed this.
1966
Lesotho
55.9%
Togo
8.1%
Burkina Faso
21.4%
Tanzania
13.7%
In the midst of a constitutional crisis, tanks bombard the White House, a government building that housed the Russian parliament, while demonstrators rally against this man outside.
1993
Boris Yeltsin
52.2%
Mikhail Gorbachev
43.5%
Boris Berezovsky
2.1%
Gennady Zyuganov
1.1%

Today's Daily Dose

You're not logged in!

Compare scores with friends on all Sporcle quizzes.
Sign Up with Email
OR
Log In

You Might Also Like...

Show Comments

Extras

Top Quizzes Today


Score Distribution

Your Account Isn't Verified!

In order to create a playlist on Sporcle, you need to verify the email address you used during registration. Go to your Sporcle Settings to finish the process.